000 00478nam a2200193Ia 4500
005 20240823030722.0
008 240823s9999||||xx |||||||||||||| ||und||
020 _a978-0824-795-757
041 _aENGLISH
082 _A620.106 P0
100 _aJohn L Bloomer
245 0 _aPractical Fluid Mechanics for engineering Applications
250 _a1st
260 _c2000
_bYes Dee Publi
500 _aYES
650 _aMechanics
_bMechanical
942 _cBK
999 _c189368
_d189368